| 000 -LEADER |
| fixed length control field |
00514pab a2200181 454500 |
| 008 - FIXED-LENGTH DATA ELEMENTS--GENERAL INFORMATION |
| fixed length control field |
180718b2004 xxu||||| |||| 00| 0 eng d |
| 100 ## - MAIN ENTRY--PERSONAL NAME |
| Personal name |
Tubergen, Frank Van |
| 245 ## - TITLE STATEMENT |
| Title |
The economic incorporation of immigrants in 18 western societies: origin, destination, and community effects |
| 260 ## - PUBLICATION, DISTRIBUTION, ETC. |
| Date of publication, distribution, etc. |
2004 |
| 300 ## - PHYSICAL DESCRIPTION |
| Extent |
p.704-27. |
| 362 ## - DATES OF PUBLICATION AND/OR SEQUENTIAL DESIGNATION |
| Dates of publication and/or sequential designation |
Oct |
| 650 ## - SUBJECT ADDED ENTRY--TOPICAL TERM |
| Topical term or geographic name entry element |
Labour market |
| 650 ## - SUBJECT ADDED ENTRY--TOPICAL TERM |
| Topical term or geographic name entry element |
Immigrants |
| 700 ## - ADDED ENTRY--PERSONAL NAME |
| Personal name |
Flap, Henk |
| 700 ## - ADDED ENTRY--PERSONAL NAME |
| Personal name |
Maas, Ineke |
| 773 ## - HOST ITEM ENTRY |
| Main entry heading |
American Sociological Review |
| 909 ## - |
| -- |
63883 |